| 000 | 00794nac a22002171u 4500 | ||
|---|---|---|---|
| 010 | _a 2003054834 | ||
| 020 | _a0023606924 | ||
| 082 | 0 | 0 |
_a005.1 _bJOH |
| 090 |
_c5201 _d5201 |
||
| 100 | _aJohnsonbaugh, Richard, | ||
| 245 | 1 | 0 |
_aAlgorithms / _cRichard Johnsonbaugh, Marcus Schaefer. |
| 260 |
_aUpper Saddle River, NJ : _bPearson Education,2003 _c2003. |
||
| 300 |
_axiii, 752 p. : _bill. ; _c26 cm. |
||
| 500 | _adistributer: Al-Ahram | ||
| 504 | _aIncludes bibliographical references (p. [645]-650) and index. | ||
| 511 | _acatalogued by: wessam | ||
| 650 | 0 | _aComputer algorithms. | |
| 700 | 1 |
_aSchaefer, Marcus, _d1969- |
|
| 942 |
_cBB _k005.1JOH |
||
| 999 |
_c5201 _d5201 |
||